| 000 | 00788nam a22002177a 4500 | ||
|---|---|---|---|
| 003 | LK-CoMWRAF | ||
| 005 | 20240908013627.0 | ||
| 008 | 240908b |||||||| |||| 00| 0 eng d | ||
| 022 | _a2045-6603 | ||
| 040 |
_aLK-CoMWRAF _dLK-CoMWRAF _eLK-CoMWRAF |
||
| 041 | _aeng | ||
| 082 |
_a297.27 _bHAY |
||
| 100 | _aHayward, Joel | ||
| 245 |
_aQur' anic concepts of the ethics of warfare: _bchallenging the claims of Islamic aggressiveness |
||
| 260 |
_aLondon: _bThe Cordoba Foundation; _c2011 |
||
| 300 | _a22 p. | ||
| 490 |
_aOccasional papers (Cordoba Foundation), _vno.2 |
||
| 650 | _aISLAM AND POLITICS | ||
| 856 | _uhttps://serdargunes.wordpress.com/wp-content/uploads/2014/09/qur_anic-concepts-of-the-ethics-of-war-challenging-the-claims-of-islamic-aggressiveness.pdf | ||
| 942 | _cBK | ||
| 999 |
_c4968 _d4968 |
||